| 000 | 00914nam a22002177a 4500 | ||
|---|---|---|---|
| 999 |
_c9788 _d9788 |
||
| 003 | AR-CdUCM | ||
| 008 | 190328b ||||| |||| 00| 0 spa d | ||
| 040 |
_aMUNICIPALIDAD PROVINCIAL DEL CUSCO _cBIBLIOTECA MUNICIPAL DEL CUSCO |
||
| 082 |
_a374.4 / 1956 / _bV718 |
||
| 100 |
_aVillanueva Urteaga, Horacio _95790 |
||
| 245 | _aHistoria del Colegio Nacional de Ciencias del Cuzco / | ||
| 260 |
_aCuzco : _bEditado por la asociación de profesores del mismo colegio, _c1956. |
||
| 300 |
_a193 páginas ; _c21 cm. |
||
| 505 | _aContenido: La fundación -- Rectorado del doctor José Feyjoo -- La universidad de San Simón y el colegio -- Primero rectorado de doctor Francisco Pacheco... | ||
| 650 |
_aEscuelas y colegios _94927 |
||
| 650 |
_aRectorado del Ciencias _926226 |
||
| 650 |
_aGlorioso colegio Ciencias _926227 |
||
| 700 |
_aCosio, José Gabriel (Prólogo) _926228 |
||
| 942 |
_2ddc _cLIBROS |
||
| 945 | _adavv | ||